Assessment of learning II: (Record no. 256)
[ view plain ]
| 000 -LEADER | |
|---|---|
| fixed length control field | 00780nam a22002417a 4500 |
| 003 - CONTROL NUMBER IDENTIFIER | |
| control field | OSt |
| 005 - DATE AND TIME OF LATEST TRANSACTION | |
| control field | 20160429095144.0 |
| 008 - FIXED-LENGTH DATA ELEMENTS--GENERAL INFORMATION | |
| fixed length control field | 151112b xxu||||| |||| 00| 0 eng d |
| 020 ## - INTERNATIONAL STANDARD BOOK NUMBER | |
| International Standard Book Number | 978-971-23-6500-3 |
| 040 ## - CATALOGING SOURCE | |
| Transcribing agency | LIC |
| 082 ## - DEWEY DECIMAL CLASSIFICATION NUMBER | |
| Edition number | 2013 |
| Classification number | DFil 371.26 |
| Item number | G11a |
| 100 ## - MAIN ENTRY--PERSONAL NAME | |
| 9 (RLIN) | 536 |
| Personal name | Gabuyo, Yonardo A. |
| 245 ## - TITLE STATEMENT | |
| Title | Assessment of learning II: |
| Remainder of title | textbook and reviewer/ |
| Statement of responsibility, etc. | Yonardo A. Gabuyo and Gary C. Dy. |
| 260 ## - PUBLICATION, DISTRIBUTION, ETC. (IMPRINT) | |
| Place of publication, distribution, etc. | Manila: |
| Name of publisher, distributor, etc. | Rex Bookstore, |
| Date of publication, distribution, etc. | c2013. |
| 300 ## - PHYSICAL DESCRIPTION | |
| Extent | x, 180 pages; |
| Dimensions | 25 cm. |
| 365 ## - TRADE PRICE | |
| Price amount | 302.00 |
| Currency code | Php |
| 500 ## - GENERAL NOTE | |
| General note | Includes bibliographical references and index. |
| 650 #0 - SUBJECT ADDED ENTRY--TOPICAL TERM | |
| 9 (RLIN) | 538 |
| Topical term or geographic name as entry element | Educational test & measurement |
| 650 #0 - SUBJECT ADDED ENTRY--TOPICAL TERM | |
| 9 (RLIN) | 539 |
| Topical term or geographic name as entry element | Education |
| General subdivision | Assessment test |
| 650 #0 - SUBJECT ADDED ENTRY--TOPICAL TERM | |
| 9 (RLIN) | 540 |
| Topical term or geographic name as entry element | Educational measurement and evaluation |
| 700 ## - ADDED ENTRY--PERSONAL NAME | |
| 9 (RLIN) | 541 |
| Personal name | Gary C. Dy |
| 942 ## - ADDED ENTRY ELEMENTS (KOHA) | |
| Source of classification or shelving scheme | Dewey Decimal Classification |
| Koha item type | Filipiniana |
| Withdrawn status | Lost status | Source of classification or shelving scheme | Damaged status | Not for loan | Collection code | Home library | Current library | Shelving location | Date acquired | Source of acquisition | Total Checkouts | Full call number | Barcode | Date last seen | Date last checked out | Copy number | Price effective from | Koha item type | Cost, replacement price |
|---|---|---|---|---|---|---|---|---|---|---|---|---|---|---|---|---|---|---|---|
| Dewey Decimal Classification | Filipiniana | UM Digos College - LIC | UM Digos College - LIC | Book Cart | 08/28/2015 | Purchased | 23 | DFil 371.26 G11a 2013 | 23663 | 05/15/2025 | 03/03/2020 | 1 | 11/12/2015 | Filipiniana | |||||
| Dewey Decimal Classification | Filipiniana | UM Digos College - LIC | UM Digos College - LIC | Book Cart | 08/28/2015 | Purchased | 24 | DFil 371.26 G11a 2013 | 23664 | 05/15/2025 | 03/25/2020 | 2 | 11/12/2015 | Filipiniana | |||||
| Dewey Decimal Classification | Filipiniana | UM Digos College - LIC | UM Digos College - LIC | Book Cart | 09/25/2014 | Purchased | 28 | DFil 371.26 G11a 2013 | 22760 | 05/15/2025 | 01/09/2020 | 3 | 02/15/2016 | Filipiniana | |||||
| Dewey Decimal Classification | Filipiniana | UM Digos College - LIC | UM Digos College - LIC | Book Cart | 09/25/2014 | Purchased | 45 | DFil 371.26 G11a 2013 | 22761 | 05/15/2025 | 01/22/2025 | 4 | 02/15/2016 | Filipiniana | |||||
| Dewey Decimal Classification | Filipiniana | UM Digos College - LIC | UM Digos College - LIC | Book Cart | 09/25/2014 | Purchased | 26 | DFil 371.26 G11a 2013 | 22762 | 05/15/2025 | 03/31/2023 | 5 | 03/11/2016 | Filipiniana | 545.00 |
